Estimación de la erosión hídrica para el uso actual y potencial del suelo en la finca Experimental UNI, ubicada en el municipio Las Flores, departamento de Masaya
En el presente estudio se realizó la estimación de la erosión hídrica superficial en el uso actual y potencial de los suelos de la Finca Agrícola Experimental de la UNI, ubicada en el Municipio “Las Flores”, Departamento de Masaya. Utilizando el método Ecuación Universal de Pérdida de Suelo...
| Main Authors: | , |
|---|---|
| Other Authors: | |
| Format: | Tesis Section = Libro |
| Language: | Undetermined Spanish |
| Published: |
Managua
UNI
2021
|
| Subjects: |
| LEADER | 01810nam a2200277Ia 4500 | ||
|---|---|---|---|
| 008 | 240830s9999 xx 000 0 und d | ||
| 040 | |a BIBLIOTECA-RUPAP Mon 631.45 A121 | ||
| 041 | |a spa | ||
| 082 | |a Mon 631.45 A121 | ||
| 100 | 1 | |a Abaunza Pérez, Oscar Salvador | |
| 100 | 1 | |b García Montoya, Katherine Esperanza | |
| 245 | 1 | 0 | |a Estimación de la erosión hídrica para el uso actual y potencial del suelo en la finca Experimental UNI, ubicada en el municipio Las Flores, departamento de Masaya |
| 260 | |a Managua |b UNI |c 2021 | ||
| 300 | |a 73 p. :il | ||
| 500 | |a Contiene: anexos y CD. | ||
| 502 | |a Tesis (Ingeniero Agrícola) -UNI, 2016. | ||
| 520 | 3 | |a En el presente estudio se realizó la estimación de la erosión hídrica superficial en el uso actual y potencial de los suelos de la Finca Agrícola Experimental de la UNI, ubicada en el Municipio “Las Flores”, Departamento de Masaya. Utilizando el método Ecuación Universal de Pérdida de Suelo (E.U.P.S. o por sus siglas en inglés (U.S.L.E.), propuesta por (Wischmeier & Smith, 1976) mediante las ecuaciones de estimaciones empíricas. Para aplicarse el método RUSLE (Ecuación modificada) se recopilaron datos existentes los cuales son, uso del suelo, tipo de suelo, permeabilidad, topografía de la zona de estudio en formato digital, imágenes satelitales, prácticas de cultivos, precipitaciones diarias, Mensuales y anuales, intensidades máximas anuales, cartas pluviográficas y los respectivos análisis del suelo. | |
| 650 | 7 | |a EROSION DE SUELOS | |
| 650 | 7 | |b EROSION HIDRICA | |
| 650 | 7 | |c PROPIEDADES FISICAS Y QUIMICAS DEL SUELO | |
| 650 | 7 | |d EROSION EOLICA | |
| 650 | 7 | |e FERTILIZANTES DEL SUELO | |
| 700 | 1 | |a Tutor: |b Sotelo Contreras, Rosario | |
| 942 | |c BK |2 ddc | ||
| 991 | |a TESIS | ||
| 999 | |c 18895 | ||